| 000 | 00549nam a2200205Ia 4500 | ||
|---|---|---|---|
| 005 | 20221208110514.0 | ||
| 008 | 131103s9999 xx 000 0 und d | ||
| 020 | _a0 7154 0347 8 | ||
| 040 | _aLoreto College | ||
| 041 | _aEnglish | ||
| 082 |
_a821.91 _bTHO |
||
| 100 | _aDavis, Aneirin Talfan | ||
| 245 |
_aDylan _b druid of the broken body _cAneirin Talfan Davis |
||
| 260 |
_aSwansea _bChristopher Davis _c1977 |
||
| 300 | _a124p. p. | ||
| 650 | _aThomas, Dylan, 1914-1953 | ||
| 651 | _aEnglish poetry | ||
| 850 | _aLCLIB | ||
| 942 | _cBK | ||
| 999 |
_c25260 _d75739 |
||